000 03127nam0a2200325 4500
001 RU\NLR\BIBL_A\010676171
005 20260406010123.0
010 _a978-5-7417-0540-7
_956
021 _aRU
_b2014-96326
_95849
035 _a(NLR Aleph) 010676171
090 _a9627300
_c9627300
100 _a20150218d2014 |||y0rusy50 ca
101 0 _arus
102 _aRU
105 _aa z 110zy
200 1 _aТруды 57-й Научной конференции МФТИ с международным участием, посвященной 120-летию со дня рождения П. Л. Капицы, Всероссийской научной конференции с международном участием "Актуальные проблемы фундаментальных и прикладных наук в области физики", Всероссийской молодежной научной конференции с международным участием "Актуальные проблемы фундаментальных и прикладных наук в современом информационном обществе", 24-29 ноября 2014 года
_iОбщая и прикладная физика
_fМ-во образования и науки Рос. Федерации, Рос. акад. наук, Моск. физ.-техн. ин-т (гос. ун-т), Рос. фонд фундам. исслед.
210 _aМосква [и др.]
_cМФТИ
_d2014
215 _a114 с.
_cил., цв. ил.
_d28
320 _aБиблиогр. в конце ст.
606 1 _aФизика
_jСъезды, совещания и т.п
_9898198
_3RU\NLR\AUTH\665898
686 1 _aВ3я431(0)
702 1 _4570
_7ca
_8rus
_aКапица
_bП. Л.
_f1894-1984
_gПетр Леонидович
_998515
_3RU\NLR\AUTH\77115590
710 0 2 _aМосковский физико-технический институт
_bНаучная конференция с международным участием
_cДолгопрудный
_d57
_f2014
_9446346
_3RU\NLR\AUTH\880390361
711 1 2 _a"Актуальные проблемы фундаментальных и прикладных наук в области физики", всероссийская научная конференция с международным участием
_eДолгопрудный
_f2014
_9446340
_3RU\NLR\AUTH\880390357
711 1 2 _a"Актуальные проблемы фундаментальных и прикладных наук в современном информационном обществе", всероссийская молодежная научная конференция с международным участием
_eДолгопрудный
_f2014
_9446344
_3RU\NLR\AUTH\880390360
942 _cBOOK
980 _aNBR
980 _aNB